MARC

Tag First Indicator Second Indicator Subfields
LEADER 00000nam a2200000 a 4500
001 in00004676821
006 m o d
007 cr un||||a|a||
008 100420s1992 enka ob 101 0 eng d
005 20260214201206.6
020 |a 9780470514207 
020 |a 0470514205 
020 |a 9780470514214  |q (electronic bk.) 
020 |a 0470514213  |q (electronic bk.) 
020 |z 0471930733 
020 |z 9780471930730 
024 7 |a 10.1002/9780470514207  |2 doi 
035 |a wil6007436 
035 |a (NhCcYBP)wil6007436 
037 |a 10.1002/9780470514207  |b Wiley InterScience  |n http://www3.interscience.wiley.com 
040 |a NhCcYBP  |b eng  |c NhCcYBP 
042 |a dlr 
050 4 |a QP517.C45  |b I55 1991 
060 4 |a W3  |b C161F v.164 1992 
060 4 |a QH 604.2  |b I593 1992 
070 4 |a QP517.C45I49  |b 1992 
072 0 |a X300 
072 7 |a SCI  |x 017000  |2 bisacsh 
082 0 4 |a 574.87  |2 20 
084 |a 42.15  |2 bcl 
084 |a CL 77  |2 blsrissc 
088 |a 92000095 
111 2 |a Symposium on Interactions Among Cell Signalling Systems  |d (1991 :  |c Kōbe-shi, Japan) 
245 1 0 |a Interactions among cell signalling systems. 
260 |a Chichester, England ;  |a New York :  |b Wiley,  |c 1992. 
300 |a 1 online resource (xi, 268 pages) :  |b illustrations 
336 |a text  |b txt  |2 rdacontent 
337 |a computer  |b c  |2 rdamedia 
338 |a online resource  |b cr  |2 rdacarrier 
490 1 |a Ciba Foundation symposium ;  |v 164 
504 |a Includes bibliographical references and indexes. 
505 0 |a Introduction / Y. Nishizuka -- Inositol lipids and phosphates in the proliferation and differentiation of lymphocytes and myeloid cells / R.H. Michell [and others] -- Inositol 1,4,5-trisphosphate receptor -- K. Mikoshiba [and others] -- Regulation of phosphoinositide and phosphatidylcholine phospholipases by G proteins / J.H. Exton [and others] -- Signal-induced phospholipid degradation cascade and protein kinase C activation / Y. Asaoka [and others] -- Acetylcholine receptor: a model of an allosteric membrane protein mediating intercellular communication / J.-P. Changeux [and others] -- Ca²-cyclic AMP interactions in sustained cellular responses / H. Rasmussen [and others] -- Growth factor-stimulated phosphorylation cascades: activation of growth factor-stimulated MAP kinase / N.G. Ahn [and others] -- Tyrosine phosphatases and their possible interplay with tyrosine kinases / E.H. Fischer [and others] -- Calmodulin and protein kinase C cross-talk: the MARCKS protein is an actin filament and plasma membrane cross-linking protein regulated by protein kinase C phosphorylation and by calmodulin / A.C. Nairn and A. Aderem -- Synaptic activation of NMDA receptors and Ca² signalling in neurons / G.L. Collingridge [and others] -- Persistent signalling and changes in presynaptic function in long-term potentiation / A. Malgaroli [and others] -- Metabotropic glutamate receptor -- Distribution of protein kinase C subspecies in the hippocampal formation -- Cross-talk between the phosphatidylinositol and adenylate cyclase signalling systems -- T lymphocyte activation signals / D.A. Cantrell [and others] -- Growth factor phosphorylation of phospholipase C-[gamma]₁ / G. Carpenter [and others] -- Protein tyrosine kinases belonging to the src family / K. Toyoshima [and others]. 
533 |a Electronic reproduction.  |b [Place of publication not identified] :  |c HathiTrust Digital Library,  |d 2010.  |5 MiAaHDL 
538 |a Master and use copy. Digital master created according to Benchmark for Faithful Digital Reproductions of Monographs and Serials, Version 1. Digital Library Federation, December 2002.  |u http://purl.oclc.org/DLF/benchrepro0212  |5 MiAaHDL 
583 1 |a digitized  |c 2010  |h HathiTrust Digital Library  |l committed to preserve  |2 pda  |5 MiAaHDL 
588 0 |a Print version record. 
650 0 |a Cellular signal transduction  |v Congresses. 
650 0 |a Cell interaction  |v Congresses. 
650 0 |a Cellular signal transduction  |x Congresses. 
650 0 |a Cell interaction  |x Congresses. 
650 2 |a Cell Communication  |x physiology 
650 2 |a Signal Transduction  |x physiology 
655 2 |a Congress 
700 1 |a Satō, Ryō,  |d 1923-1996. 
700 1 |a Bock, Gregory. 
700 1 |a Widdows, Kate. 
710 2 |a Ciba Foundation. 
710 2 |a CIBA-GEIGY Foundation (Japan) for the Promotion of Science. 
776 0 8 |i Print version:  |t Interactions among cell signalling systems.  |d Chichester ; New York : Wiley, 1992  |w (DLC) 92000095 
830 0 |a Ciba Foundation symposium ;  |v 164. 
856 4 0 |u http://proxy.library.tamu.edu/login?url=https://onlinelibrary.wiley.com/book/10.1002/9780470514207  |z Connect to the full text of this electronic book  |t 0 
955 |a Wiley EBA record 
975 |p Wiley UBCM Full Collection 2026 
999 f f |s 69ee95ea-5c6b-408e-b42d-6b927ca563d3  |i 1e84236e-f04c-44a0-8a02-d357a0ef9488  |t 0 
952 f f |a Texas A&M University  |b College Station  |c Electronic Resources  |s evans_pda  |d Available Online  |t 0  |e QP517.C45 I55 1991  |h Library of Congress classification 
998 f f |a QP517.C45 I55 1991  |t 0  |l Available Online